00986 a2200205 4500001000500000005001700005008004100022003001500063040004000078080006600118245006400184020002200248250001200270264003400282300001800316505025700334100002900591700002800620856013200648195120260407155422.0260407a2011 arg spa dAR-UNSa-BCEJYS aAR-UNSa-BCEJYSbspacAR-UNSa-BCEJYS a336.226xTipos de impuestos. Impuestos directos e indirectos 10aImpuesto sobre los bienes personalespexplicado y comentado a978-987-01-1148-1 a2a. ed. 1aBuenos Aires :bErreparc2011 a65 p.c27 cm. a1. Imposición sobre el patrimonio - 2. Hecho imponible - 3. Exenciones - 4. Valuación de bienes - 5. Acciones y participaciones en sociedades y otros entes - 6. Sujetos del exterior. Régimen de sustitución - 7. Liquidación y pago del impuesto1 aCeldeiro, Ernesto Carlos1 aImirizaldu, Juan José41uhttps://biblioeco.unsa.edu.ar/pmb/images/libros/Impuesto sobre los Bienes Personales-l118134.jpgyImagen de portadaqimage/jpeg